| 000 | 00756nam a2200217 i 4500 | ||
|---|---|---|---|
| 001 | bg | ||
| 100 | 1 | _aPIEŃKOS, Jerzy. | |
| 245 | 1 | 0 |
_aSłownik łacińsko-polski : _błacina w nauce i kulturze : nauki humanistyczne i społeczne, prawo rzymskie i kanoniczne, teologiczne słownictwo kościelne, sentencje, maksymy, aforyzmy, paremie / _cJerzy Pieńkos. |
| 250 | _a[Wyd. 2 rozsz. i popr.]. | ||
| 260 |
_aWarszawa : _bWydaw. Prawnicze, _c1996. |
||
| 300 |
_a477, [3] s. ; _c21 cm. |
||
| 504 | _aBibliogr s. 477-[478]. | ||
| 650 | 9 | _aSłownik łacińsko-polski | |
| 020 | _a8321907229 | ||
| 040 | _cBPK | ||
| 041 | 0 | _apllt | |
| 080 | _a811.124::811.162.1]-3 | ||
| 920 | _a83-219-0722-9 | ||
| 942 | _cKS | ||
| 008 | s pl f |000 0 pol | ||
| 999 |
_c31115 _d31115 |
||
| 856 |
_uhttp://koha.tu.koszalin.pl/cgi-bin/koha/opac-detail.pl?biblionumber=31115 _yKatalog online BPK |
||